MDQL
is popping MORE tags! Check the
thread
!
Quizzes
Events
Quiz Creation
Community
Videos
Private Events
Remove Ads
Sign In
Join for FREE
Feedback
Dark Mode
Quiz Categories
Sports
Geography
Music
Movies
Television
Just For Fun
Miscellaneous
History
Literature
Language
Science
Gaming
Entertainment
Religion
Holiday
For Kids
Quiz Lab
Recent
Popular Today
Quiz Kudos Today
Editor Picks
Curator Picks
Quizzes by...
Day
Popularity
Type
Ratings
Length
Year
Community
Subscriptions
Recent Discussions
Orange Saloon
Badges
Playlists
Quests
Create
Leaderboards
Showdown
Live 5
Trivia Bingo
Activity
Puzzle Library
Sporcle Events
Private Events
Virtual Trivia
Globe League
Become a Host
Pub Owners
SporcleCon
Opinionation
Our Games
Videos
Blog
Mobile Apps
Partnerships
Remove Ads and Go Orange
Feedback
Movies
Disney
Marvel Cinematic Universe
Movie Resume
Movie Titles
Oscar
Actor
Actress
Director
Pixar
Role
Movie Quotes
Movie Characters
Box Office
Nominee
Best Picture
Star Wars
James Bond
Horror Movies
Movies
Disney
Marvel Cinematic Universe
Movie Resume
Movie Titles
Oscar
Actor
Actress
Director
Pixar
Role
Movie Quotes
Movie Characters
Box Office
Nominee
Best Picture
Star Wars
James Bond
Horror Movies
Random Quiz
Search Sporcle
×
Quiz Lab
Quiz Lab
Movies
Actor
Type in answers that appear in a list
Type in answers that appear in a list
Classic
Best Score? Go Orange.
Can You Name All of the Die Hard Terrorists from 1-5? Stats
Can you name the Can You Name All of the Die Hard Terrorists from 1-5?
By
KarimBrzo
10m
54 Questions
63 Plays
63 Plays
63 Plays
Comments
Comments
Give Quiz Kudos
Give Quiz Kudos
-
- Ratings
hide this ad
Replay
Link that replays current quiz
Next Quiz
Link to next quiz in quiz playlist
You Got
0%
They Got
Avg Score
56%
Avg Friend Score
Upgrade to see
Score Distribution
Jump to the score distribution portion of the page
Score
0/54
Timer
10:00
0
Plays Today
Actor
Answer
% Correct
Alan Rickman
Hans Gruber
100%
Alexander Godunov
Karl
92.1%
Sven Toorvald
Karl
92.1%
Clarence Gilyard Jr.
Theo
88.9%
Andreas Wisniewski
Tony
88.9%
Dennis Hayden
Eddie
87.3%
Jeremy Irons
Simon Gruber
87.3%
Lorenzo Caccialanza
Marco
82.5%
Al Leong
Uli
82.5%
Wilhelm von Homburg
James
81%
Bruno Doyon
Franco
79.4%
Gary Roberts
Heinrich
79.4%
Hans Buhringer
Fritz
77.8%
Joey Plewa
Alexander
74.6%
Gerard Bonn
Kristoff
71.4%
Timothy Olyphant
Thomas Gabriel
66.7%
John Amos
Major Grant
61.9%
Sam Phillips
Katya
60.3%
William Sadler
Colonel Stewart
58.7%
Maggie Q
Mai Linh
57.1%
Vondie Curtis-
Hall
Miller
55.6%
Don Harvey
Garber
55.6%
Franco Nero
General Esperanza
54%
Robert Patrick
O'Reilly
54%
Peter Nelson
Thompson
54%
Tony Ganios
Baker
54%
Nick Wyman
Targo
54%
Actor
Answer
% Correct
Jonathan Sadowski
Trey
52.4%
Edoardo Costa
Emerson
52.4%
John Leguizamo
Burke
50.8%
Richard E. Council
Otto
50.8%
Cyril Raffaelli
Rand
49.2%
Ken Baldwin
Mulkey
47.6%
Tom Verica
Kahn
47.6%
John Costelloe
Oswald Cochrane
44.4%
Mark Boone Junior
Shockley
44.4%
Mick Cunningham
Sheldon
42.9%
Gerrit Vooren
Nils
42.9%
Willis Sparks
Klaus
41.3%
Chris Palermo
Del
41.3%
Sebastian Koch
Yuri Komarov
41.3%
Rasha Bukvic
Alik
41.3%
Mischa Hausserman
Mischa
39.7%
Yuliya Snigir
Irina Komarov
39.7%
Timothy Adams
Gunther
38.1%
Yorgo Constantine
Russo
38.1%
Andrew Friedman
Casper
38.1%
Unknown Actor
Robinson
38.1%
Robert Sedgwick
Rolf
36.5%
Bill Christ
Ivan
31.7%
Tony Halme
Roman
31.7%
Sergei Kolesnikov
Viktor Chagarin
31.7%
Roman Luknar
Anton
31.7%
Aleksandr Komarov
Vadim
30.2%
Quiz Playlist
Details
Report
Send in Message
Add To Playlist
Classic:
Type in answers that appear in a list
Last Updated: Feb 16, 2017
Quiz Scoreboard
CHALLENGE
Sign Up to Join the Scoreboard
Show All
Scores
Hide
Comments
May contain spoilers
Recently Published
Find the 'City' Movie
by crazypaving
Movies
60s
5x2 Blitz: Bands
by SL_Kpop136
Music
30s
Colored Red Africa Blitz
by spor1
Geography
30s
More to Explore
Quiz From the Vault
Featured Blog Post
14 Easter Pick-up Lines to Find Eggs With
hide this ad
You Might Also Like...
Tags
Actor Quiz
1-5
Die Hard
hard
Terrorist
Today's Top Quizzes in Movies
Browse Movies
hide this ad
Today's Top Quizzes in Actor
Browse Actor
Top Contributed Quizzes in Movies
1
Find The 'Big' Movie
2
Find The 'Wild' Movie
3
Find The 'Blue' Movie
4
Movies By Plot
5
Hidden Star Wars Character II
6
Pick 5 Posters: Directed by Spielberg
7
Hidden Star Wars Character III
8
The ultimate James Bond movie quiz
9
Hidden Star Wars Character IV
10
25 Best Actor Nominees (1990s)
Explore More
Trending Topics
Crossword
Disney
Marvel
Anime
NBA
Harry Potter
Kpop
Country
NFL
WWE
The Office
Pokémon
Puzzle
Soccer
Song
hide this ad
More By:
KarimBrzo
Quiz
Plays
Rating
Category
Featured
Created
Die Hard Terrorists
138
5.00
Movies
Feb 23, 2014
Die Hard 2 Terrorists
78
2.00
Movies
Feb 23, 2014
Can You Name All of the Die Hard Terrorists from 1-5?
63
2.00
Movies
Feb 23, 2014
Go to Creator's Profile
Score Distribution
Quiz Creator Spotlight
KarimBrzo
Follow
Send a Message
Quizzes Created
-
Created Quiz Play Count
-
More By This Creator
Popular Quizzes Today
1
Colored Red Africa Blitz
2
Find the 'City' Movie
3
Find the US States - No Outlines Minefield
4
5x2 Blitz: Bands
5
The Countries of the World
6
Find the US States
7
US States
8
Find the Countries of Europe - No Outlines Minefield
More Movies Quizzes
'H' Names for Directors
Quiz Lab
Trending Quizzes
Colored Red Europe Blitz I
Colored Red Europe Blitz II
Colored Red Africa Blitz II
Colored Red Europe Blitz III
Colored Red Africa Blitz III
Recently Updated
How Do You Spell That?
pecheneg
Godzilla Movies
pecheneg
Grab Bag: 4-10 Letters
pecheneg
2024 March Madness Bracket
pecheneg
Famous TV Couples
Peacemaker
Champions League XIs: Real Madrid
pecheneg
Largest US Cities 1790-2010
pecheneg
Rides in Walt Disney World
pecheneg
Most Oscar Losses (Acting)
pecheneg
Beyoncé Albums
pecheneg
Trending Topics
Crossword
Marvel
NBA
Harry Potter
Kpop
Disney
Anime
NFL
The Office
Country
Puzzle
WWE
Song
Pokémon
Soccer
Your Account Isn't Verified!
In order to create a playlist on Sporcle, you need to verify the email address you used during registration. Go to your
Sporcle Settings
to finish the process.
Report this User
Report this user for behavior that violates our
Community Guidelines
.
Details:
Send Report
Go to the Sporcle.com Mobile Site →
Comments